Sports Quiz

Random Sports or WWE Quiz
Score 0/136 Timer 10:00
0 Plays Today
Win/Loss Record Wrestler % Correct
3--6John Cena
95.4%
0--1Triple H
89.5%
2--4Randy Orton
88.4%
0--4Kane
85.9%
0--1The Undertaker
82.4%
3--2Daniel Bryan
82%
1--3CM Punk
81.6%
1--2Chris Jericho
80.8%
1--6Kofi Kingston
80.6%
1--0Edge
80.1%
0--3The Big Show
78.7%
1--4Dolph Ziggler
77.5%
3--5The Miz
77.4%
1--5Sheamus
77.1%
2--1Roman Reigns
76.4%
2--2Dean Ambrose
76.1%
1--4Seth Rollins
76.1%
2--1Bray Wyatt
75.6%
2--0Batista
74.1%
2--1Big E Langston
74.1%
1--1Sasha Banks
73.2%
2--1Jack Swagger
72%
2--2Cody Rhodes
71.1%
3--2Cesaro
71.1%
1--3Jimmy Uso
70.7%
1--3Jey Uso
70.7%
2--1Alberto Del Rio
70.5%
0--1Jeff Hardy
70.5%
1--0Xavier Woods
70.4%
0--2Rey Mysterio
70.1%
0--2Mark Henry
68.8%
0--3AJ Styles
68.2%
0--3Wade Barrett
68.1%
0--1Christian
67.9%
0--4R-Truth
67.5%
1--2Ryback
67%
1--0Goldust
66.9%
1--1Alexa Bliss
66.4%
1--1Luke Harper
66.2%
1--1Bayley
64.9%
0--1Robert Roode
64.3%
0--1Tucker
64.3%
0--1Otis
64.3%
1--0Shayna Baszler
64.3%
1--0Erick Rowan
63.7%
0--2Santino Marella
63.6%
Win/Loss Record Wrestler % Correct
1--2John Morrison
62.9%
0--1AJ Lee
62.8%
0--3Braun Strowman
61.1%
1--0Matt Hardy
60.7%
0--1The Great Khali
59.6%
1--0Road Dogg
59.2%
1--2Titus O'Neil
58.8%
1--0--1Nikki Bella
58.1%
1--0Kevin Owens
58.1%
1--1Heath Slater
57.6%
0--1Gran Metalik
57.1%
0--1Lince Dorado
57.1%
1--1Kalisto
56.6%
1--2Naomi
56.6%
0--1Carmella
56.6%
1--0Becky Lynch
56.3%
0--1Ted Dibiase, jr.
56.1%
0--1Sin Cara
56%
0--2Nia Jax
55.6%
1--1Baron Corbin
55.6%
1--1Drew McIntyre
55.4%
0--2Darren Young
54.1%
0--1Samoa Joe
54.1%
0--2Viktor
53.7%
1--0Sami Zayn
53.6%
1--1Finn Balor
53.1%
1--0The Rock
52.9%
0--1Tyson Kidd
52.7%
0--2Konnor
52.7%
0--2Mickie James
52.1%
0--1Billie Kay
51.6%
0--1Peyton Royce
51.6%
0--1Diego
51.4%
1--0Layla
51.3%
0--1Fernando
50.6%
1--1Justin Gabriel
50.6%
0--2Mandy Rose
50.2%
1--0Beth Phoenix
50.2%
0--1Damien Sandow
49.8%
0--2Curtis Axel
48.5%
0--2Liv Morgan
48.4%
1--0Tensai
48.3%
1--0Michelle McCool
48.2%
0--1Paige
48.1%
0--2Zack Ryder
47.8%
0--2Sarah Logan
46.7%
Win/Loss Record Wrestler % Correct
0--1MVP
46.7%
0--1Drew Gulak
46.4%
1--0Shinsuke Nakamura
46.4%
0--2Sonya Deville
46%
1--1Asuka
45.6%
0--1--1Natalya
45.5%
0--2Ruby Riott
45.1%
1--0Brodus Clay
44.7%
0--3Tamina
44.1%
1--0Billy Gunn
44%
0--1Bobby Lashley
43.4%
1--0Aleister Black
42.9%
1--0Angelo Dawkins
42.9%
1--0Montez Ford
42.9%
1--0Ronda Rousey
42.6%
0--1Elias
41.8%
0--2Bo Dallas
41.6%
1--0Chad Gable
40.6%
1--0Kaitlyn
40.4%
0--1Fandango
39.9%
1--0Jason Jordan
39.5%
1--0Neville
39.3%
0--1Vladimir Kozlov
38.1%
1--0Cameron
37%
0--1Tyler Breeze
36.4%
0--1Jerry Lawler
35.9%
1--0Ivar
35.7%
0--1Maryse
33.6%
1--0Erik
32.1%
0--1Aiden English
31.1%
1--1Apollo Crews
30.8%
1--0Mojo Rawley
30.4%
0--1Rhyno
30.4%
0--1Shane McMahon
29.5%
0--1Simon Gotch
29.4%
1--0Karl Anderson
29.3%
1--0Luke Gallows
28.9%
1--0Andrade
28.6%
1--1Buddy Murphy
27.9%
0--1Gail Kim
27.1%
0--2Curt Hawkins
26.9%
0--1Humberto Carrillo
25%
0--1Akira Tozawa
18.9%
0--1Lio Rush
18%
Remove Ads.
Support Sporcle.
Get the best of Sporcle when you Go Orange. This ad-free experience offers more features, more stats, and more fun while also helping to support Sporcle. Thank you for becoming a member.

You're not logged in!

Compare scores with friends on all Sporcle quizzes.
OR
Log In

Show Comments

Extras

Top Quizzes Today


Score Distribution

Your Account Isn't Verified!

In order to create a playlist on Sporcle, you need to verify the email address you used during registration. Go to your Sporcle Settings to finish the process.

Report this User

Report this user for behavior that violates our Community Guidelines.

Details: